000 00692nam a22002057a 4500
003 OSt
005 20250930034144.0
008 250930b |||||||| |||| 00| 0 eng d
020 _a0-534-55739-2
040 _aDWCL-Main lib
_cOC
082 _aCirc. 306.21 N176 2002
100 _aNanda, S.
245 _aCultural anthropology, 7th ed.
260 _aUSA :
_bWadsworth Thomson Learning,
_cc2002.
300 _axxviii, 450 pages :
_b colored illustration :
_c25 cm.
504 _aIncludes bibliographical references and index
650 _2Ethnology
700 _aRichard L. Warms
942 _2ddc
_cBK-CIRC
_e7th edition
_hCirc. 306.21 N176 2002
_kCirc.
_n0
999 _c4562
_d4562